000 00646nam a2200241Ia 4500
003 OSt
005 20221007064612.0
006 a|||||r|||| 00| 0
007 ta
008 221006b |||||||| |||| 00| 0 eng d
024 _a28,679
037 _cTextual
040 _aFLL
_cFLL
_beng
041 _2eng
_aeng
082 _aZQ7,91, M9
100 _aMasud Muhammad Khalid
_9686015
245 0 _aIslamic legal philosophy
250 _a1st
260 _aDelhi
_bInternational Islamic Publishers India
_c1989
300 _aix,357p
_ccm.
942 _hZQ7,91, M9
_cTEXL
_2CC
999 _c1134625
_d1134625